000
00278nam a22001097a 4500
100
_a
BRANDT, D. J. D
_9
58152
245
_a
THE MANUFACTURE OF IRON AND STEEL A COMPREHENSIVE COURSE FOR OPERATIVES
250
_a
2ND
260
_a
LONDON
_b
EUP
_c
1960
300
_a
399P
942
_c
BK
999
_c
568365
_d
568365